书目信息 |
| 题名: |
翻译界
|
|
| 作者: | 马会娟 主编 | |
| 分册: | 第六辑 | |
| 出版信息: | 北京 外语教学与研究出版社 2018.11 |
|
| 页数: | 161页 | |
| 开本: | 24cm | |
| 丛书名: | ||
| 单 册: | ||
| 中图分类: | H059 | |
| 科图分类: | ||
| 主题词: | 翻译学--fan yi xue | |
| 电子资源: | ||
| ISBN: | 978-7-5213-0521-0 | |
| 000 | 01043nam0 2200253 450 | |
| 001 | 202019135211 | |
| 005 | 20191007123107.0 | |
| 010 | @a978-7-5213-0521-0@dCNY19.00 | |
| 100 | @a20191003d2018 em y0chiy50 ea | |
| 101 | 0 | @achi |
| 102 | @aCN@b110000 | |
| 105 | @ac a 000yy | |
| 106 | @ar | |
| 200 | 1 | @a翻译界@Afan yi jie@d= Translation horizons@h第六辑@f马会娟主编@zeng |
| 210 | @a北京@c外语教学与研究出版社@d2018.11 | |
| 215 | @a161页@c肖像@d24cm | |
| 320 | @a有书目 | |
| 330 | @a《翻译界 第六辑》所收录文章包括翻译研究相关的原创性论文、书评与访谈。文章特色如下: 原创性论文具有较新的理论观点, 或采用新的研究角度、研究方法进行翻译研究 ; 写作规范, 方法科学, 论证围绕核心观点展开, 长度8000到10000字左右。书评主要针对近5年出版的外文翻译研究类书籍, 以评论为主, 包括对书籍的选题、价值、特点、研究方法和不足的评述, 6000字以内。 | |
| 510 | 1 | @aTranslation horizons@zeng |
| 606 | 0 | @a翻译学@Afan yi xue |
| 690 | @aH059@v5 | |
| 701 | 0 | @a马会娟@Ama hui juan@4主编 |
| 801 | 0 | @aCN@c20190905 |
| 905 | @a河南城建学院图书馆@dH059@eM063:6 | |
| 翻译界= Translation horizons.第六辑/马会娟主编.-北京:外语教学与研究出版社,2018.11 |
| 161页:肖像;24cm |
| ISBN 978-7-5213-0521-0:CNY19.00 |
| 《翻译界 第六辑》所收录文章包括翻译研究相关的原创性论文、书评与访谈。文章特色如下: 原创性论文具有较新的理论观点, 或采用新的研究角度、研究方法进行翻译研究 ; 写作规范, 方法科学, 论证围绕核心观点展开, 长度8000到10000字左右。书评主要针对近5年出版的外文翻译研究类书籍, 以评论为主, 包括对书籍的选题、价值、特点、研究方法和不足的评述, 6000字以内。 |
| ● |
| 相关链接 |
|
|
|
正题名:翻译界
索取号:H059/M063:6
 
预约/预借
| 序号 | 登录号 | 条形码 | 馆藏地/架位号 | 状态 | 备注 |
| 1 | 1443798 | 214437983 | 语言库209/209语言库 67排3列4层/ [索取号:H059/M063:6] | 在馆 | |
| 2 | 1443799 | 214437992 | 语言库209/209语言库 67排3列4层/ [索取号:H059/M063:6] | 在馆 |